<?xml version="1.0" encoding="UTF-8"?>
<record
    xmlns:xsi="http://www.w3.org/2001/XMLSchema-instance"
    xsi:schemaLocation="http://www.loc.gov/MARC21/slim http://www.loc.gov/standards/marcxml/schema/MARC21slim.xsd"
    xmlns="http://www.loc.gov/MARC21/slim">

  <leader>00430nam a2200145Ia 4500</leader>
  <controlfield tag="008">260316s2025    xx            000 0 und d</controlfield>
  <datafield tag="020" ind1=" " ind2=" ">
    <subfield code="a">97981-897472-4-3</subfield>
  </datafield>
  <datafield tag="041" ind1=" " ind2=" ">
    <subfield code="a">eng</subfield>
  </datafield>
  <datafield tag="082" ind1=" " ind2=" ">
    <subfield code="a">615.4/NAN/KHA</subfield>
  </datafield>
  <datafield tag="100" ind1=" " ind2=" ">
    <subfield code="a">NAND/ KHAR</subfield>
  </datafield>
  <datafield tag="245" ind1=" " ind2=" ">
    <subfield code="a">TEXT BOOK OF HOSPITAL AND CLINICAL PHARMACY</subfield>
    <subfield code="b">TEXT BOOK OF HOSPITAL AND CLINICAL PHARMACY</subfield>
  </datafield>
  <datafield tag="250" ind1=" " ind2=" ">
    <subfield code="a">17TH.ED.</subfield>
  </datafield>
  <datafield tag="260" ind1=" " ind2=" ">
    <subfield code="a">DELHI</subfield>
    <subfield code="b">BIRLA PUBLICATION PVT. LTD.</subfield>
    <subfield code="c">2025</subfield>
  </datafield>
  <datafield tag="300" ind1=" " ind2=" ">
    <subfield code="a">528P</subfield>
  </datafield>
  <datafield tag="999" ind1=" " ind2=" ">
    <subfield code="c">1217055</subfield>
    <subfield code="d">1217055</subfield>
  </datafield>
  <datafield tag="952" ind1=" " ind2=" ">
    <subfield code="0">0</subfield>
    <subfield code="1">0</subfield>
    <subfield code="4">0</subfield>
    <subfield code="7">0</subfield>
    <subfield code="a">IPM</subfield>
    <subfield code="b">IPM</subfield>
    <subfield code="d">2026-03-01</subfield>
    <subfield code="g">390.00</subfield>
    <subfield code="l">0</subfield>
    <subfield code="o">615.4/NAN/KHA</subfield>
    <subfield code="p">IPM-11021</subfield>
    <subfield code="r">2026-03-16 00:00:00</subfield>
    <subfield code="w">2026-03-16</subfield>
    <subfield code="y">BK</subfield>
  </datafield>
  <datafield tag="952" ind1=" " ind2=" ">
    <subfield code="0">0</subfield>
    <subfield code="1">0</subfield>
    <subfield code="4">0</subfield>
    <subfield code="7">0</subfield>
    <subfield code="a">IPM</subfield>
    <subfield code="b">IPM</subfield>
    <subfield code="d">2026-03-01</subfield>
    <subfield code="g">390.00</subfield>
    <subfield code="l">0</subfield>
    <subfield code="o">615.4/NAN/KHA</subfield>
    <subfield code="p">IPM-11022</subfield>
    <subfield code="r">2026-03-16 00:00:00</subfield>
    <subfield code="w">2026-03-16</subfield>
    <subfield code="y">BK</subfield>
  </datafield>
  <datafield tag="952" ind1=" " ind2=" ">
    <subfield code="0">0</subfield>
    <subfield code="1">0</subfield>
    <subfield code="4">0</subfield>
    <subfield code="7">0</subfield>
    <subfield code="a">IPM</subfield>
    <subfield code="b">IPM</subfield>
    <subfield code="d">2026-03-01</subfield>
    <subfield code="g">390.00</subfield>
    <subfield code="l">0</subfield>
    <subfield code="o">615.4/NAN/KHA</subfield>
    <subfield code="p">IPM-11023</subfield>
    <subfield code="r">2026-03-16 00:00:00</subfield>
    <subfield code="w">2026-03-16</subfield>
    <subfield code="y">BK</subfield>
  </datafield>
  <datafield tag="952" ind1=" " ind2=" ">
    <subfield code="0">0</subfield>
    <subfield code="1">0</subfield>
    <subfield code="4">0</subfield>
    <subfield code="7">0</subfield>
    <subfield code="a">IPM</subfield>
    <subfield code="b">IPM</subfield>
    <subfield code="d">2026-03-01</subfield>
    <subfield code="g">390.00</subfield>
    <subfield code="l">0</subfield>
    <subfield code="o">615.4/NAN/KHA</subfield>
    <subfield code="p">IPM-11024</subfield>
    <subfield code="r">2026-03-16 00:00:00</subfield>
    <subfield code="w">2026-03-16</subfield>
    <subfield code="y">BK</subfield>
  </datafield>
  <datafield tag="952" ind1=" " ind2=" ">
    <subfield code="0">0</subfield>
    <subfield code="1">0</subfield>
    <subfield code="4">0</subfield>
    <subfield code="7">0</subfield>
    <subfield code="a">IPM</subfield>
    <subfield code="b">IPM</subfield>
    <subfield code="d">2026-03-01</subfield>
    <subfield code="g">390.00</subfield>
    <subfield code="l">0</subfield>
    <subfield code="o">615.4/NAN/KHA</subfield>
    <subfield code="p">IPM-11025</subfield>
    <subfield code="r">2026-03-16 00:00:00</subfield>
    <subfield code="w">2026-03-16</subfield>
    <subfield code="y">BK</subfield>
  </datafield>
  <datafield tag="952" ind1=" " ind2=" ">
    <subfield code="0">0</subfield>
    <subfield code="1">0</subfield>
    <subfield code="4">0</subfield>
    <subfield code="7">0</subfield>
    <subfield code="a">IPM</subfield>
    <subfield code="b">IPM</subfield>
    <subfield code="d">2026-03-01</subfield>
    <subfield code="g">390.00</subfield>
    <subfield code="l">0</subfield>
    <subfield code="o">615.4/NAN/KHA</subfield>
    <subfield code="p">IPM-11026</subfield>
    <subfield code="r">2026-03-16 00:00:00</subfield>
    <subfield code="w">2026-03-16</subfield>
    <subfield code="y">BK</subfield>
  </datafield>
  <datafield tag="952" ind1=" " ind2=" ">
    <subfield code="0">0</subfield>
    <subfield code="1">0</subfield>
    <subfield code="4">0</subfield>
    <subfield code="7">0</subfield>
    <subfield code="a">IPM</subfield>
    <subfield code="b">IPM</subfield>
    <subfield code="d">2026-03-01</subfield>
    <subfield code="g">390.00</subfield>
    <subfield code="l">0</subfield>
    <subfield code="o">615.4/NAN/KHA</subfield>
    <subfield code="p">IPM-11027</subfield>
    <subfield code="r">2026-03-16 00:00:00</subfield>
    <subfield code="w">2026-03-16</subfield>
    <subfield code="y">BK</subfield>
  </datafield>
  <datafield tag="952" ind1=" " ind2=" ">
    <subfield code="0">0</subfield>
    <subfield code="1">0</subfield>
    <subfield code="4">0</subfield>
    <subfield code="7">0</subfield>
    <subfield code="a">IPM</subfield>
    <subfield code="b">IPM</subfield>
    <subfield code="d">2026-03-01</subfield>
    <subfield code="g">390.00</subfield>
    <subfield code="l">0</subfield>
    <subfield code="o">615.4/NAN/KHA</subfield>
    <subfield code="p">IPM-11028</subfield>
    <subfield code="r">2026-03-16 00:00:00</subfield>
    <subfield code="w">2026-03-16</subfield>
    <subfield code="y">BK</subfield>
  </datafield>
  <datafield tag="952" ind1=" " ind2=" ">
    <subfield code="0">0</subfield>
    <subfield code="1">0</subfield>
    <subfield code="4">0</subfield>
    <subfield code="7">0</subfield>
    <subfield code="a">IPM</subfield>
    <subfield code="b">IPM</subfield>
    <subfield code="d">2026-03-01</subfield>
    <subfield code="g">390.00</subfield>
    <subfield code="l">0</subfield>
    <subfield code="o">615.4/NAN/KHA</subfield>
    <subfield code="p">IPM-11029</subfield>
    <subfield code="r">2026-03-16 00:00:00</subfield>
    <subfield code="w">2026-03-16</subfield>
    <subfield code="y">BK</subfield>
  </datafield>
  <datafield tag="952" ind1=" " ind2=" ">
    <subfield code="0">0</subfield>
    <subfield code="1">0</subfield>
    <subfield code="4">0</subfield>
    <subfield code="7">0</subfield>
    <subfield code="a">IPM</subfield>
    <subfield code="b">IPM</subfield>
    <subfield code="d">2026-03-01</subfield>
    <subfield code="g">390.00</subfield>
    <subfield code="l">0</subfield>
    <subfield code="o">615.4/NAN/KHA</subfield>
    <subfield code="p">IPM-11030</subfield>
    <subfield code="r">2026-03-16 00:00:00</subfield>
    <subfield code="w">2026-03-16</subfield>
    <subfield code="y">BK</subfield>
  </datafield>
  <datafield tag="952" ind1=" " ind2=" ">
    <subfield code="0">0</subfield>
    <subfield code="1">0</subfield>
    <subfield code="4">0</subfield>
    <subfield code="7">0</subfield>
    <subfield code="a">IPM</subfield>
    <subfield code="b">IPM</subfield>
    <subfield code="d">2026-03-01</subfield>
    <subfield code="g">390.00</subfield>
    <subfield code="l">0</subfield>
    <subfield code="o">615.4/NAN/KHA</subfield>
    <subfield code="p">IPM-11031</subfield>
    <subfield code="r">2026-03-16 00:00:00</subfield>
    <subfield code="w">2026-03-16</subfield>
    <subfield code="y">BK</subfield>
  </datafield>
  <datafield tag="952" ind1=" " ind2=" ">
    <subfield code="0">0</subfield>
    <subfield code="1">0</subfield>
    <subfield code="4">0</subfield>
    <subfield code="7">0</subfield>
    <subfield code="a">IPM</subfield>
    <subfield code="b">IPM</subfield>
    <subfield code="d">2026-03-01</subfield>
    <subfield code="g">390.00</subfield>
    <subfield code="l">0</subfield>
    <subfield code="o">615.4/NAN/KHA</subfield>
    <subfield code="p">IPM-11032</subfield>
    <subfield code="r">2026-03-16 00:00:00</subfield>
    <subfield code="w">2026-03-16</subfield>
    <subfield code="y">BK</subfield>
  </datafield>
  <datafield tag="952" ind1=" " ind2=" ">
    <subfield code="0">0</subfield>
    <subfield code="1">0</subfield>
    <subfield code="4">0</subfield>
    <subfield code="7">0</subfield>
    <subfield code="a">IPM</subfield>
    <subfield code="b">IPM</subfield>
    <subfield code="d">2026-03-01</subfield>
    <subfield code="g">390.00</subfield>
    <subfield code="l">0</subfield>
    <subfield code="o">615.4/NAN/KHA</subfield>
    <subfield code="p">IPM-11033</subfield>
    <subfield code="r">2026-03-16 00:00:00</subfield>
    <subfield code="w">2026-03-16</subfield>
    <subfield code="y">BK</subfield>
  </datafield>
  <datafield tag="952" ind1=" " ind2=" ">
    <subfield code="0">0</subfield>
    <subfield code="1">0</subfield>
    <subfield code="4">0</subfield>
    <subfield code="7">0</subfield>
    <subfield code="a">IPM</subfield>
    <subfield code="b">IPM</subfield>
    <subfield code="d">2026-03-01</subfield>
    <subfield code="g">390.00</subfield>
    <subfield code="l">0</subfield>
    <subfield code="o">615.4/NAN/KHA</subfield>
    <subfield code="p">IPM-11034</subfield>
    <subfield code="r">2026-03-16 00:00:00</subfield>
    <subfield code="w">2026-03-16</subfield>
    <subfield code="y">BK</subfield>
  </datafield>
  <datafield tag="952" ind1=" " ind2=" ">
    <subfield code="0">0</subfield>
    <subfield code="1">0</subfield>
    <subfield code="4">0</subfield>
    <subfield code="7">0</subfield>
    <subfield code="a">IPM</subfield>
    <subfield code="b">IPM</subfield>
    <subfield code="d">2026-03-01</subfield>
    <subfield code="g">390.00</subfield>
    <subfield code="l">0</subfield>
    <subfield code="o">615.4/NAN/KHA</subfield>
    <subfield code="p">IPM-11035</subfield>
    <subfield code="r">2026-03-16 00:00:00</subfield>
    <subfield code="w">2026-03-16</subfield>
    <subfield code="y">BK</subfield>
  </datafield>
  <datafield tag="952" ind1=" " ind2=" ">
    <subfield code="0">0</subfield>
    <subfield code="1">0</subfield>
    <subfield code="4">0</subfield>
    <subfield code="7">0</subfield>
    <subfield code="a">IPM</subfield>
    <subfield code="b">IPM</subfield>
    <subfield code="d">2026-03-01</subfield>
    <subfield code="g">390.00</subfield>
    <subfield code="l">0</subfield>
    <subfield code="o">615.4/NAN/KHA</subfield>
    <subfield code="p">IPM-11036</subfield>
    <subfield code="r">2026-03-16 00:00:00</subfield>
    <subfield code="w">2026-03-16</subfield>
    <subfield code="y">BK</subfield>
  </datafield>
  <datafield tag="952" ind1=" " ind2=" ">
    <subfield code="0">0</subfield>
    <subfield code="1">0</subfield>
    <subfield code="4">0</subfield>
    <subfield code="7">0</subfield>
    <subfield code="a">IPM</subfield>
    <subfield code="b">IPM</subfield>
    <subfield code="d">2026-03-01</subfield>
    <subfield code="g">390.00</subfield>
    <subfield code="l">0</subfield>
    <subfield code="o">615.4/NAN/KHA</subfield>
    <subfield code="p">IPM-11037</subfield>
    <subfield code="r">2026-03-16 00:00:00</subfield>
    <subfield code="w">2026-03-16</subfield>
    <subfield code="y">BK</subfield>
  </datafield>
  <datafield tag="952" ind1=" " ind2=" ">
    <subfield code="0">0</subfield>
    <subfield code="1">0</subfield>
    <subfield code="4">0</subfield>
    <subfield code="7">0</subfield>
    <subfield code="a">IPM</subfield>
    <subfield code="b">IPM</subfield>
    <subfield code="d">2026-03-01</subfield>
    <subfield code="g">390.00</subfield>
    <subfield code="l">0</subfield>
    <subfield code="o">615.4/NAN/KHA</subfield>
    <subfield code="p">IPM-11038</subfield>
    <subfield code="r">2026-03-16 00:00:00</subfield>
    <subfield code="w">2026-03-16</subfield>
    <subfield code="y">BK</subfield>
  </datafield>
  <datafield tag="952" ind1=" " ind2=" ">
    <subfield code="0">0</subfield>
    <subfield code="1">0</subfield>
    <subfield code="4">0</subfield>
    <subfield code="7">0</subfield>
    <subfield code="a">IPM</subfield>
    <subfield code="b">IPM</subfield>
    <subfield code="d">2026-03-01</subfield>
    <subfield code="g">390.00</subfield>
    <subfield code="l">0</subfield>
    <subfield code="o">615.4/NAN/KHA</subfield>
    <subfield code="p">IPM-11039</subfield>
    <subfield code="r">2026-03-16 00:00:00</subfield>
    <subfield code="w">2026-03-16</subfield>
    <subfield code="y">BK</subfield>
  </datafield>
  <datafield tag="952" ind1=" " ind2=" ">
    <subfield code="0">0</subfield>
    <subfield code="1">0</subfield>
    <subfield code="4">0</subfield>
    <subfield code="7">0</subfield>
    <subfield code="a">IPM</subfield>
    <subfield code="b">IPM</subfield>
    <subfield code="d">2026-03-01</subfield>
    <subfield code="g">390.00</subfield>
    <subfield code="l">0</subfield>
    <subfield code="o">615.4/NAN/KHA</subfield>
    <subfield code="p">IPM-11040</subfield>
    <subfield code="r">2026-03-16 00:00:00</subfield>
    <subfield code="w">2026-03-16</subfield>
    <subfield code="y">BK</subfield>
  </datafield>
</record>
